000
00335nam a22001457a 4500
003
MPLRDC
005
20220104144118.0
008
210129b ||||| |||| 00| 0 eng d
082
_a
945.31 LQH
100
_a
林青河
245
_a
林青河水彩画集
_c
260
_a
_b
教育出版社
_c
650
_a
942
_c
BK
_o
945.31 LQH
999
_c
46486
_d
46476